Представление документа в формате RUSMARC

ПолеНазваниеЗначение
  Тип записи a
  Библиографический уровень m
001 Контрольный номер RU/SLIB/B/208743358
005 Дата корректировки 20201206204103.9
010 Индекс ISBN __
d Цена 13-00
101 Язык документа 0_
a Язык текста rus
c Язык оригинала rus
200 Заглавие и сведения об ответственности 1_
a Заглавие А зори здесь тихие...
e Сведения, относящиеся к заглавию повесть : для ст. возраста
f Первые сведения об ответственности Б. Л. Васильев ; худож. П. Пинкисевич
b Общее обозначение материала Текст
210 Выходные данные __
a Место издания М.
c Издательство Дет. лит.
d Дата издания 1972
215 Физическое описание __
a Объем 192 с.
330 Аннотация __
a Аннотация Лирическая повесть о героизме советских девушек на фронтах Великой Отечественной войны.
606 Тематические рубрики __
a Основная рубрика Художественная литература
606 Тематические рубрики __
a Основная рубрика Русская литература XX в. (произведения)
610 Ключевые слова __
a Ключевые слова проза; повести; тема войны; тема женщины; тема фронта; тема героизма
686 Индексы других классификаций __
a Классификационный индекс 84(2Рос=Рус)6-4
700 Автор _1
a Фамилия Васильев
b Имя Б. Л.
g Полное личное имя Борис Львович
4 Код отношения 070
702 Вторичная интеллектуальная ответственность _1
a Фамилия Пинкисевич
b Имя П.
4 Код отношения Художник
4 Код отношения 040
801 Источник записи _0
a Страна RU
b Организация Муниципальное бюджетное учреждение культуры "Централизованная библиотечная система" г. Сургут (Центральная городская библиотека им. А. С. Пушкина)
g Правила каталогизации КиК/Тесленко
801 Источник записи _1
a Страна RU
b Организация Муниципальное бюджетное учреждение культуры "Централизованная библиотечная система" г. Сургут (Центральная городская библиотека им. А. С. Пушкина)
g Правила каталогизации КиК/Тесленко
852 Данные о местонахождении __
j Шифр хранения 84(2Рос=Рус)6-4
c Каталожный индекс 84(2Рос=Рус)6-4
i Авторский знак В 19
p Инвентарный номер 03071365
901 Тип документа __
t Тип документа m
903 Характеристики (МАРС) __
a Дата передачи 20030702
990 Данные о заказе (DOS) __
j Количество экземпляров (DOS) 1
t N записи в КСУ для И/У (DOS) 200307